Sports Quiz

Random Sports or Blitz Quiz

NFL Blitz Quiz Stats

 Plays Quiz Updated Apr 28, 2017

Challenge
Share
Tweet
Embed
Score 0/40 Timer 04:00
13 Plays Today
Category Answer % Correct
QBs with 50,000+ passing yardsBrett Favre
97.5%
NFC East team nameCowboys, Eagles...
95.8%
Teams to never play in Super BowlLions, Browns...
92%
AFC West team nameBroncos, Raiders...
90.6%
NFC North team nameBears, Packers...
87.1%
5,000+ passing yards (season)Dan Marino, Drew Brees...
85.7%
1980s Super Bowl losersRams, Eagles...
84.8%
AFC South team nameColts, Titans...
79.3%
Super Bowl teams with 4+ lossesBills, Vikings...
79.2%
1990s #1 draft picksJeff George, Peyton Manning...
75.2%
140+ career sacksBruce Smith, Reggie White...
74.8%
NFC West team name49ers, Seahawks...
74.7%
Vinny Testaverde teamsBuccaneers, Browns...
73.7%
20+ receiving TDs (season)Randy Moss, Jerry Rice
73.3%
Super Bowl teams with no lossesJets, Ravens...
72.1%
Ten yard penaltiesOffensive holding, tripping...
68.8%
1980s MVPsDan Marino, Marcus Allen...
68.3%
NFL stadiums in CaliforniaLevi's Stadium, Qualcomm Stadium...
63.6%
AFC North team nameSteelers, Browns...
62.1%
2000s Coach of the Year (AP)Andy Reid, Bill Belichick...
62%
Category Answer % Correct
Defensive Super Bowl MVPsDexter Jackson, Von Miller...
57%
NFC South team nameSaints, Panthers...
56.5%
25+ rushing touchdowns (season)LaDainian Tomlinson, Shaun Alexander...
50.9%
2000s #1 draft picksCarson Palmer, Michael Vick...
49.6%
1980s #1 draft picksJohn Elway, Bo Jackson...
49.1%
60+ career interceptionsPaul Krause, Emlen Tunnell...
48.4%
200+ win coachesDon Shula, George Halas...
47.9%
2,000+ rushing yds (season)Eric Dickerson, Jamal Lewis...
46.2%
QB Rookies of the YearMatt Ryan, Vince Young...
43.2%
1970s MVPsWalter Payton, Fran Tarkenton...
42.8%
1960s Coach of the Year (AP)George Halas, Don Shula...
39.1%
AFC East team namePatriots, Bills...
35.5%
Madden NFL cover players (2000s)Marshall Faulk, Eddie George...
32%
Coaches with 3+ Super Bowl winsChuck Noll, Bill Walsh...
31.4%
130+ career fumblesWarren Moon, Brett Favre...
31.3%
2,000+ career points scoredMorten Andersen, Gary Anderson...
31.1%
12+ non-offensive TDs (career)Deion Sanders, Rod Woodson...
29.5%
1990s Coach of the Year (AP)Bill Parcells, Dan Reeves...
28.3%
Hall of fame tight endsDave Casper, Mike Ditka...
25.7%
1960s MVPsJohnny Unitas, Jim Brown...
21.5%

You're not logged in!

Compare scores with friends on all Sporcle quizzes.
Join for Free
OR
Log In

You Might Also Like...

Show Comments

Extras

Top Quizzes Today


Score Distribution

Your Account Isn't Verified!

In order to create a playlist on Sporcle, you need to verify the email address you used during registration. Go to your Sporcle Settings to finish the process.

Report this User

Report this user for behavior that violates our Community Guidelines.

Details: